| 000 | 00460nam a2200181Ia 4500 | ||
|---|---|---|---|
| 005 | 20251020182600.0 | ||
| 008 | 200515s9999 xx 000 0 und d | ||
| 082 | _aSC/331.94:69(85)/R72 | ||
| 100 | _aROCA MOREYRA, Jesús | ||
| 245 | 0 | _aLa inspección del trabajo en la construcción civil: Experiencia peruana | |
| 260 | _aLima | ||
| 260 | _c1988 | ||
| 300 | _a84 | ||
| 650 | _aCONSTRUCCION | ||
| 650 | _aINSPECCION | ||
| 650 | _aTRABAJO | ||
| 942 | _cLIB | ||
| 999 |
_c3032 _d3032 |
||